[Event "Barcelona Sant Marti op-B 23rd"]
[Site "Barcelona"]
[Date "2023.07.14"]
[Round "2"]
[White "Membrives Pino, Didac"]
[Black "Rius Navarro, Marc"]
[Result "1/2-1/2"]
[WhiteElo "1624"]
[BlackElo "1290"]
[PlyCount "55"]
[EventDate "2023.07.13"]
[EventType "swiss"]
[EventRounds "9"]
[EventCountry "ESP"]
[SourceTitle "CBM 215 Extra"]
[Source "ChessBase"]
[SourceDate "2023.09.30"]
[SourceVersion "1"]
[SourceVersionDate "2023.09.30"]
[SourceQuality "1"]

1. e4 c5 2. Nc3 e6 3. f4 Nc6 4. Nf3 Nge7 5. Bc4 g6 6. d3 a6 7. a4 Bg7 8. 0-0 0-0 9. Qe1 d5 10. exd5 exd5 11. Ba2 Be6 12. Ng5 Qd7 13. Bd2 h6 14. Nxe6 Qxe6 15. Ne4 c4 16. Ng3 Qxe1 17. Raxe1 cxd3 18. c3 Rfe8 19. Rf3 b5 20. Rfe3 Kf8 21. Rxd3 d4 22. c4 bxa4 23. h4 Rab8 24. b3 axb3 25. Bxb3 Rb7 26. Ne4 Nf5 27. Ba4 Re6 28. Nc5 1/2-1/2

[Event "Foment Martinenc op-B 22nd"]
[Site "Barcelona"]
[Date "2022.06.04"]
[Round "7"]
[White "Cavalle Sanchez, Arnau"]
[Black "Membrives Pino, Didac"]
[Result "1-0"]
[WhiteElo "1444"]
[BlackElo "1614"]
[PlyCount "53"]
[EventDate "2022.04.23"]
[EventType "swiss"]
[EventRounds "9"]
[EventCountry "ESP"]
[SourceTitle "EXT 2023"]
[Source "ChessBase"]
[SourceDate "2022.10.05"]
[SourceVersion "1"]
[SourceVersionDate "2022.10.05"]
[SourceQuality "1"]

1. e4 d6 2. d4 Nf6 3. Nc3 Nbd7 4. f4 e5 5. Nf3 exd4 6. Qxd4 c6 7. Bc4 d5 8. exd5 Bc5 9. Qd3 0-0 10. dxc6 bxc6 11. h3 Qb6 12. b3 Re8+ 13. Kf1 Rd8 14. Na4 Qc7 15. Bb2 Ne5 16. Bxe5 Qe7 17. Bxf6 Qxf6 18. Qc3 Bd4 19. Nxd4 Rxd4 20. g3 Bb7 21. Kf2 Rxf4+ 22. gxf4 Qxf4+ 23. Qf3 Qh4+ 24. Ke2 Re8+ 25. Kf1 Re7 26. Nc5 Bc8 27. Rd1 1-0

[Event "Foment Martinenc op-B 22nd"]
[Site "Barcelona"]
[Date "2022.04.30"]
[Round "2"]
[White "Torrent San Nicolas, Biel"]
[Black "Membrives Pino, Didac"]
[Result "1/2-1/2"]
[WhiteElo "1328"]
[BlackElo "1614"]
[PlyCount "73"]
[EventDate "2022.04.23"]
[EventType "swiss"]
[EventRounds "9"]
[EventCountry "ESP"]
[SourceTitle "EXT 2023"]
[Source "ChessBase"]
[SourceDate "2022.10.05"]
[SourceVersion "1"]
[SourceVersionDate "2022.10.05"]
[SourceQuality "1"]

1. e4 b6 2. d4 Bb7 3. Bd3 e6 4. Nf3 Nf6 5. Nbd2 d5 6. e5 Ne4 7. Qe2 Nxd2 8. Bxd2 h6 9. 0-0 c5 10. Rae1 c4 11. Bf5 exf5 12. e6 f6 13. e7 Bxe7 14. Bb4 Nc6 15. Bxe7 Nxe7 16. Nh4 Kf8 17. Qh5 Qe8 18. Qf3 Qd7 19. Rxe7 Kxe7 20. Ng6+ Kd6 21. Qa3+ Kc7 22. Nxh8 Rxh8 23. Re1 Re8 24. Qg3+ Kc8 25. Rxe8+ Qxe8 26. h3 Qd7 27. Qa3 Kb8 28. Qf8+ Bc8 29. c3 b5 30. a3 Kb7 31. h4 f4 32. f3 Qc7 33. Qg8 Qd7 34. Qf8 a6 35. Kf1 Qc7 36. Qg8 Qd7 37. Qf8 1/2-1/2

[Event "Foment Martinenc op-B 22nd"]
[Site "Barcelona"]
[Date "2022.04.23"]
[Round "1"]
[White "Membrives Pino, Didac"]
[Black "Alonso Vidal, David"]
[Result "1-0"]
[WhiteElo "1614"]
[BlackElo "1323"]
[PlyCount "79"]
[EventDate "2022.04.23"]
[EventType "swiss"]
[EventRounds "9"]
[EventCountry "ESP"]
[SourceTitle "EXT 2023"]
[Source "ChessBase"]
[SourceDate "2022.10.05"]
[SourceVersion "1"]
[SourceVersionDate "2022.10.05"]
[SourceQuality "1"]

1. d4 Nf6 2. Bf4 c5 3. e3 d5 4. c3 Nc6 5. Bd3 e6 6. Nf3 Bd6 7. Bg3 0-0 8. Nbd2 cxd4 9. exd4 Rb8 10. Ne5 Bc7 11. f4 Nd7 12. Ndf3 f6 13. Bh4 Qe8 14. Nxd7 Bxd7 15. Qd2 e5 16. fxe5 fxe5 17. dxe5 Bxe5 18. 0-0 Bf4 19. Qc2 Qh5 20. h3 Be3+ 21. Bf2 Bxf2+ 22. Qxf2 Ne5 23. Be2 Rf6 24. Qg3 Re8 25. Nd4 Qg6 26. Qxg6 Nxg6 27. Rxf6 gxf6 28. Rf1 Kg7 29. Rf3 Re5 30. Rg3 Kf7 31. Bd3 Re1+ 32. Kf2 Ra1 33. b3 Rxa2+ 34. Ke3 Nh4 35. Bxh7 Nxg2+ 36. Kf3 Ne1+ 37. Ke3 Ke7 38. Rg1 Ng2+ 39. Kf3 Nh4+ 40. Kg3 1-0

[Event "Barcelona Tres Peons-B"]
[Site "Barcelona"]
[Date "2021.03.17"]
[Round "4"]
[White "Membrives Pino, Didac"]
[Black "Garcia Miralles, Eduard"]
[Result "1-0"]
[WhiteElo "1532"]
[BlackElo "1601"]
[PlyCount "59"]
[EventDate "2021.02.24"]
[EventType "tourn"]
[EventRounds "9"]
[EventCountry "ESP"]
[SourceTitle "EXT 2022"]
[Source "ChessBase"]
[SourceDate "2021.10.06"]
[SourceVersion "1"]
[SourceVersionDate "2021.10.06"]
[SourceQuality "1"]

1. d4 Nf6 2. Bf4 d5 3. e3 Bf5 4. c4 c6 5. Nc3 e6 6. Nf3 h6 7. Qb3 Qb6 8. c5 Qxb3 9. axb3 Nbd7 10. b4 Nh5 11. Be5 f6 12. Bf4 Nxf4 13. exf4 g5 14. fxg5 hxg5 15. g3 Bh6 16. h4 gxh4 17. Rxh4 Ke7 18. b5 cxb5 19. Nxb5 a6 20. Nd6 Rab8 21. Nxf5+ exf5 22. Bd3 Bg5 23. Rxh8 Rxh8 24. Ke2 Ke6 25. b4 f4 26. g4 Nb8 27. b5 axb5 28. Ra7 b4 29. Rxb7 Nc6 30. Bf5# 1-0

[Event "El Prat de Llobregat op-B 1st"]
[Site "El Prat de Llobregat"]
[Date "2019.12.05"]
[Round "3"]
[White "Maurer, Rainer1111"]
[Black "Membrives Pino, Didac"]
[Result "1-0"]
[WhiteElo "1858"]
[BlackElo "1609"]
[PlyCount "67"]
[EventDate "2019.12.03"]
[EventType "swiss"]
[EventRounds "9"]
[EventCountry "ESP"]
[SourceTitle "CBM 193 Extra"]
[Source "ChessBase"]
[SourceDate "2020.01.31"]
[SourceVersion "1"]
[SourceVersionDate "2020.01.31"]
[SourceQuality "1"]

1. d4 Nf6 2. Nf3 d5 3. c4 Bg4 4. Nc3 e6 5. Ne5 Bh5 6. cxd5 Nxd5 7. Qb3 Nb6 8. e3 c6 9. Bd2 Qc7 10. Rc1 a6 11. Ne4 N6d7 12. f4 Nxe5 13. fxe5 Nd7 14. Bd3 Be7 15. 0-0 0-0 16. Ng3 Bg4 17. Qc2 h6 18. Rf4 h5 19. Rcf1 f5 20. Bc4 g6 21. Bxe6+ Kg7 22. h3 Bg5 23. R4f2 h4 24. Ne2 Bxe2 25. Rxe2 Rae8 26. Bb3 Be7 27. Ref2 c5 28. e4 fxe4 29. Rf7+ Kh8 30. Qxe4 Rxf7 31. Bxf7 Qc6 32. d5 Qb6 33. Bxe8 Nf8 34. d6 1-0

[Event "Platja d'Aro op-B 7th"]
[Site "Platja d'Aro"]
[Date "2019.06.28"]
[Round "5"]
[White "Membrives Pino, Didac"]
[Black "Parayre Soguero, Jordi"]
[Result "0-1"]
[WhiteElo "1579"]
[BlackElo "1939"]
[PlyCount "58"]
[EventDate "2019.06.24"]
[EventType "swiss"]
[EventRounds "9"]
[EventCountry "ESP"]
[SourceTitle "CBM 191 Extra"]
[Source "ChessBase"]
[SourceDate "2019.09.30"]
[SourceVersion "1"]
[SourceVersionDate "2019.09.30"]
[SourceQuality "1"]

1. d4 Nf6 2. Bf4 d5 3. Nf3 c5 4. e3 Nc6 5. c3 Qb6 6. Na3 Qxb2 7. Nb5 Ne4 8. Nc7+ Kd8 9. Be2 Nxc3 10. Rb1 Qxa2 11. Ra1 Qb2 12. Rb1 Nxd1 13. Rxb2 Nxb2 14. Nxa8 c4 15. 0-0 Bf5 16. Ng5 Bg6 17. Ra1 h6 18. Bc7+ Kd7 19. Bg4+ e6 20. e4 hxg5 21. exd5 Nxd4 22. Rxa7 Bc5 23. Rxb7 Rxa8 24. Be5+ Kc8 25. Rc7+ Kd8 26. h4 Nd3 27. Bg3 gxh4 28. dxe6 Ra1+ 29. Kh2 hxg3+ 0-1

[Event "Platja d'Aro op-B 7th"]
[Site "Platja d'Aro"]
[Date "2019.06.24"]
[Round "1"]
[White "Membrives Pino, Didac"]
[Black "Vinals Rioja, Jaume"]
[Result "0-1"]
[WhiteElo "1579"]
[BlackElo "2026"]
[PlyCount "64"]
[EventDate "2019.06.24"]
[EventType "swiss"]
[EventRounds "9"]
[EventCountry "ESP"]
[SourceTitle "CBM 191 Extra"]
[Source "ChessBase"]
[SourceDate "2019.09.30"]
[SourceVersion "1"]
[SourceVersionDate "2019.09.30"]
[SourceQuality "1"]

1. d4 f5 2. Bf4 Nf6 3. Nc3 e6 4. e3 Bb4 5. a3 Bxc3+ 6. bxc3 d6 7. Nf3 Ne4 8. c4 g5 9. Nxg5 Nxg5 10. Qh5+ Nf7 11. c5 Nc6 12. g4 e5 13. dxe5 dxe5 14. Bc4 Qf6 15. Bg5 Qg6 16. Qxg6 hxg6 17. Bf6 Rh7 18. g5 Ncd8 19. 0-0-0 Be6 20. Bb5+ c6 21. Be2 Bd5 22. f3 Rh4 23. h3 Ne6 24. Rd2 Nxc5 25. Rhd1 Nd7 26. Rxd5 Nxf6 27. gxf6 cxd5 28. Bb5+ Kf8 29. Rxd5 Rd8 30. Rc5 Nd6 31. Rxe5 Nxb5 32. Rxb5 Rd7 0-1

[Event "Foment Martinenc op-B 21st"]
[Site "Barcelona"]
[Date "2019.05.04"]
[Round "2"]
[White "Membrives Pino, Didac"]
[Black "Cuesta Alonso, Ivan"]
[Result "1-0"]
[WhiteElo "1579"]
[BlackElo "1734"]
[PlyCount "119"]
[EventDate "2019.04.27"]
[EventType "swiss"]
[EventRounds "9"]
[EventCountry "ESP"]
[SourceTitle "EXT 2020"]
[Source "ChessBase"]
[SourceDate "2019.10.17"]
[SourceVersion "1"]
[SourceVersionDate "2019.10.17"]
[SourceQuality "1"]

1. d4 d5 2. Bf4 Nf6 3. Nf3 Bf5 4. e3 c5 5. Bxb8 Rxb8 6. Bb5+ Bd7 7. a4 a6 8. Bxd7+ Nxd7 9. c3 e6 10. Nbd2 Bd6 11. 0-0 0-0 12. Qe2 Rc8 13. a5 c4 14. e4 Bf4 15. Rfe1 Nf6 16. e5 Nd7 17. Nf1 Nb8 18. Ra3 Nc6 19. Rea1 f6 20. g3 Bh6 21. h3 fxe5 22. Nxe5 Nxe5 23. Qxe5 Qf6 24. Qxf6 Rxf6 25. Nh2 Rff8 26. Re1 Rce8 27. Ra4 Bg5 28. Rb4 Rf7 29. Rb6 Bd8 30. Rexe6 Rfe7 31. Rxe7 Rxe7 32. Rd6 Re1+ 33. Kg2 Bxa5 34. Rxd5 b5 35. Rd6 b4 36. Rxa6 bxc3 37. bxc3 Bxc3 38. Rc6 Bxd4 39. Nf3 Rd1 40. Rc8+ Kf7 41. Rd8 c3 42. Nxd4 c2 43. Nxc2 Rxd8 44. Ne3 Rd2 45. Nc4 Ra2 46. Kf3 Kf6 47. Ne3 Kg5 48. Ng2 Ra3+ 49. Ke4 h6 50. Ne3 Ra4+ 51. Kf3 Kf6 52. Ng4+ Ke6 53. Ne3 h5 54. h4 Ra8 55. Ng2 g6 56. Nf4+ Kf5 57. Ng2 Ra3+ 58. Ne3+ Ke5 59. Ke2 Ke4 60. f3+ 1-0

[Event "Barcelona Tres Peons 48th"]
[Site "Barcelona"]
[Date "2019.02.08"]
[Round "5.5"]
[White "Membrives Pino, Didac"]
[Black "Sanfeliu Lopez, Jaume"]
[Result "1/2-1/2"]
[WhiteElo "1546"]
[BlackElo "1702"]
[PlyCount "45"]
[EventDate "2019.01.11"]
[EventType "swiss"]
[EventRounds "8"]
[EventCountry "ESP"]
[SourceTitle "EXT 2024"]
[Source "ChessBase"]
[SourceDate "2023.10.10"]
[SourceVersion "1"]
[SourceVersionDate "2023.10.10"]
[SourceQuality "1"]

1. d4 Nf6 2. Bf4 c5 3. e3 cxd4 4. exd4 Nc6 5. Nf3 d6 6. c4 Bg4 7. Be2 Nh5 8. Be3 e5 9. d5 Ne7 10. h3 e4 11. hxg4 exf3 12. Bxf3 Nf6 13. Nc3 Ng6 14. Bg5 Be7 15. 0-0 0-0 16. Re1 Rc8 17. Qd4 Ne5 18. Be2 Re8 19. Bxf6 Bxf6 20. Qxa7 b6 21. Qa4 Ng6 22. Bd3 Ne5 23. Be2 1/2-1/2

[Event "Foment Martinenc op-C 20th"]
[Site "Barcelona"]
[Date "2018.05.19"]
[Round "5"]
[White "Membrives Pino, Didac"]
[Black "Sanchez Diaz, Lucas"]
[Result "1-0"]
[WhiteElo "1840"]
[BlackElo "1736"]
[PlyCount "147"]
[EventDate "2018.04.21"]
[EventType "swiss"]
[EventRounds "9"]
[EventCountry "ESP"]
[SourceTitle "CBM 184 Extra"]
[Source "ChessBase"]
[SourceDate "2018.06.28"]
[SourceVersion "1"]
[SourceVersionDate "2018.06.28"]
[SourceQuality "1"]

1. d4 e6 2. Bf4 Nf6 3. e3 d5 4. Nf3 Nc6 5. Nbd2 g6 6. c3 Bd7 7. Be2 Bg7 8. Ne5 Nxe5 9. Bxe5 0-0 10. Qc2 Rc8 11. h4 Ne8 12. Bxg7 Nxg7 13. h5 Qg5 14. g4 gxh5 15. 0-0-0 f5 16. f4 Qf6 17. gxh5 Qh6 18. Rdg1 Rf7 19. Nf3 Re7 20. Ng5 b6 21. Nxh7 Qxh7 22. h6 Be8 23. hxg7 Rxg7 24. Rxh7 Rxg1+ 25. Bd1 Rxd1+ 26. Qxd1 Kxh7 27. Qh1+ Kg7 28. Qf1 b5 29. b3 a6 30. a4 c5 31. Qg2+ Kf7 32. Qg5 cxd4 33. Qh5+ Ke7 34. Qg5+ Kd6 35. exd4 Rxc3+ 36. Kb2 Rc8 37. Qg7 Rc7 38. Qe5+ Kd7 39. Ka3 bxa4 40. Kxa4 Rc6 41. Qb8 Ke7 42. Ka5 Bd7 43. Qb7 Kd6 44. Qb8+ Ke7 45. b4 Rc8 46. Qe5 Rc6 47. Qg7+ Kd8 48. Qf8+ Kc7 49. Qa8 Bc8 50. b5 axb5 51. Qa7+ Bb7 52. Kxb5 Ra6 53. Qc5+ Kd7 54. Qf8 Ra8 55. Qf7+ Kc8 56. Qxe6+ Kc7 57. Qxf5 Bc6+ 58. Kb4 Ra4+ 59. Kb3 Rc4 60. Qe5+ Kb6 61. f5 Ka5 62. Qe1+ Kb5 63. Qe2 Ka5 64. f6 Ba4+ 65. Kb2 Rb4+ 66. Kc1 Rxd4 67. f7 Rc4+ 68. Kb2 Rb4+ 69. Kc3 d4+ 70. Kd2 Rb2+ 71. Ke1 Rb8 72. Qe5+ Rb5 73. Qxd4 Rb1+ 74. Kf2 1-0

[Event "Foment Martinenc op-C 20th"]
[Site "Barcelona"]
[Date "2018.05.05"]
[Round "3"]
[White "Membrives Pino, Didac"]
[Black "Izquierdo Catalan, Carlos"]
[Result "1-0"]
[WhiteElo "1840"]
[BlackElo "1687"]
[PlyCount "217"]
[EventDate "2018.04.21"]
[EventType "swiss"]
[EventRounds "9"]
[EventCountry "ESP"]
[SourceTitle "CBM 184 Extra"]
[Source "ChessBase"]
[SourceDate "2018.06.28"]
[SourceVersion "1"]
[SourceVersionDate "2018.06.28"]
[SourceQuality "1"]

1. d4 d5 2. Nf3 Nf6 3. Bf4 g6 4. Nc3 c6 5. Qd2 Bg7 6. Bh6 0-0 7. Bxg7 Kxg7 8. e3 Nbd7 9. Be2 Nb6 10. Ne5 Nbd7 11. f4 Nxe5 12. fxe5 Ng4 13. h3 Nh6 14. 0-0-0 b5 15. g4 a5 16. a4 Ba6 17. axb5 cxb5 18. Bxb5 Bxb5 19. Nxb5 Qb6 20. Nc3 Rfb8 21. Na4 Qb4 22. Qxb4 Rxb4 23. b3 Rc8 24. Kd2 e6 25. Rhf1 Ng8 26. Nc5 Ra8 27. h4 Ra7 28. Nd3 Rb5 29. Nf4 Nh6 30. Rg1 a4 31. Ra1 Rba5 32. b4 R5a6 33. c3 a3 34. Ra2 Ng8 35. g5 Ne7 36. h5 Nc8 37. Kd3 Nb6 38. e4 dxe4+ 39. Kxe4 Nc4 40. d5 exd5+ 41. Nxd5 Re6 42. Kd4 Nxe5 43. h6+ Kf8 44. Nf6 Nf3+ 45. Kc4 Nxg1 46. Nxh7+ Kg8 47. Nf6+ Kh8 48. Rd2 Rc6+ 49. Kb3 Rc8 50. Ra2 Nf3 51. Ne4 Re8 52. Nd6 Re6 53. Nb5 Rb7 54. Nxa3 Nxg5 55. b5 Re3 56. Kb4 Ne4 57. c4 Nf6 58. Nc2 Re2 59. Ra8+ Kh7 60. Nd4 Re8 61. Ra6 Ng4 62. b6 Ne3 63. Kb5 f5 64. c5 Re5 65. Kc6 Ree7 66. Nb5 Nc2 67. Ra4 g5 68. Nd6 Rb8 69. Ra7 Nb4+ 70. Kb5 Rxa7 71. Kxb4 Rd7 72. Nxf5 g4 73. Kb5 Rd5 74. Ng3 Rd3 75. Nh5 Kxh6 76. Nf4 Rf3 77. Ne2 g3 78. c6 Rb3+ 79. Kc5 R8xb6 80. c7 Re6 81. c8Q Rbe3 82. Qf8+ Kg5 83. Qg8+ Kh4 84. Qh7+ Kg4 85. Qg7+ Kh4 86. Qd4+ Kg5 87. Qd8+ Kg4 88. Qg8+ Kh4 89. Nd4 R6e5+ 90. Kd6 Kh3 91. Qh7+ Kg2 92. Qc2+ Kh3 93. Qh7+ Kg2 94. Qb7+ Kh3 95. Qh1+ Kg4 96. Qd1+ Kh3 97. Qa4 R5e4 98. Qd7+ Kg2 99. Kc5 Re7 100. Qd5+ R3e4 101. Qa2+ Kh3 102. Qb1 R4e5+ 103. Kd6 Re8 104. Qf1+ Kg4 105. Qf3+ Kh3 106. Nf5 Kh2 107. Qxg3+ Kh1 108. Qf3+ Kh2 109. Qf2+ 1-0